[Event "Bundesliga 0506"]
[Site "Germany"]
[Date "2005.10.23"]
[Round "2.7"]
[White "Smeets, Jan"]
[Black "Michaelsen, Nils"]
[Result "1-0"]
[WhiteElo "2531"]
[BlackElo "2420"]
[Annotator "Kritz,L"]
[PlyCount "73"]
[EventDate "2005.10.21"]
[EventType "team-tourn"]
[EventRounds "15"]
[EventCountry "GER"]
[SourceTitle "CBM 110"]
[Source "ChessBase"]
[SourceDate "2006.01.31"]
[SourceVersion "1"]
[SourceVersionDate "2006.01.31"]
[SourceQuality "1"]
[WhiteTeam "Solingen"]
[BlackTeam "Hamburger SK"]
[WhiteTeamCountry "GER"]
[BlackTeamCountry "GER"]

1. e4 c5 2. Nf3 e6 3. c4 {Die Idee dieser Variante ist, Schwarz in eine
Igelstellung hineinzuzwingen. Weiß wartet mit dem Zug d4 ab, und spielt ihn
erst nach dem er seine Figuren entwickelt hat. Gelingt es Weiß tatsächlich in
Igel rüberzukommen, so bekommt er einen kleinen Vorteil, doch leider gibt es
eine Menge Variante, wo Schwarz mindestens ausreichendes Gegenspiel erreicht.}
Nc6 4. Nc3 (4. d4 {das kann natürlich nicht das Ziel von 3.c4 gewesen sein}
cxd4 5. Nxd4 Nf6 (5... Qa5+ $5 6. Nc3 (6. Bd2 Qe5 7. Nb5 a6 8. N5c3 Bc5 $15)
6... Bb4 7. Nxc6 dxc6 8. Bd2 $14) 6. Nc3 (6. Nxc6 dxc6 7. Qxd8+ Kxd8 8. Nc3 e5
$11) 6... Bb4 7. Nxc6 dxc6 (7... bxc6 8. Bd3 O-O 9. e5 $1 (9. O-O e5 $15) 9...
Qa5 10. Bf4 Bxc3+ 11. bxc3 Qxc3+ 12. Kf1 Ne8 13. Rb1 $44) 8. Qxd8+ Kxd8 9. Bd2
(9. e5 Ne4 10. a3 Bxc3+ 11. bxc3 Kc7 12. Be3 Nxc3 13. Bd3 Na4 $11) 9... e5 10.
O-O-O Kc7 11. f3 (11. Nd5+ Nxd5 12. cxd5 Bxd2+ 13. Rxd2 Rd8 $11) (11. Nb5+ cxb5
12. Bxb4 Nxe4 13. Be1 Be6 $17) 11... Bc5 12. b4 Bf2 $11) 4... Nf6 {Neben
diesem Zug gibt es noch andere, die mindestens genau so gut für Schwarz sind:}
(4... Nd4 $5 5. Nxd4 $1 (5. d3 Ne7 6. g3 (6. Be3 Nec6 7. Be2 Be7 8. a3 O-O 9.
O-O b6 10. Nd2 Bb7 11. f4 f5 $15 {Straub - Eingorn (Bad Woerishofen, 2004)})
6... Nec6 7. Bg2 g6 8. O-O Nxf3+ 9. Bxf3 Bg7 10. Be3 d6 11. Qd2 O-O 12. Bg2 Rb8
13. Rab1 a6 14. f4 f5 $11 {Malakhov - Kveinys (Cappelle la Grande, 1999)}) (5.
Be2 Ne7 (5... a6 6. O-O Qc7 7. Re1 Bd6 $5 8. h3 Ne7 9. Bf1 Nxf3+ 10. Qxf3 Nc6
$15) 6. O-O Nec6 7. d3 g6 (7... Be7 8. Be3 O-O 9. Nb5 Nxe2+ 10. Qxe2 f5 $1 $15)
8. Be3 Bg7 9. Qd2 O-O 10. Ne1 d6 11. f4 a6 12. Bf3 Bd7 13. g3 Rb8 14. Bg2 b5
15. Rd1 f5 $15 {Moshina - Istratescu (Kavala, 2002)}) 5... cxd4 6. Ne2 Qb6 7.
Ng3 Bc5 8. d3 (8. Be2 $2 d3 $1) 8... Bb4+ 9. Bd2 Qa5 $5 (9... Ne7 $6 10. Be2
O-O (10... Qa5 11. a3 Bxd2+ 12. Qxd2 Qxd2+ 13. Kxd2 d6 14. Rhc1 b6 15. b4 $14 {
פe7}) 11. O-O Bxd2 12. Qxd2 d6 13. f4 $14) 10. Be2 d6 11. a3 Bxd2+ 12. Qxd2
Qxd2+ 13. Kxd2 Nf6 14. Rhc1 $11) (4... e5 $1 {Ein kleines Paradoxon! Stünde
der weiße Springer noch auf g1, so wäre die weiße Stellung etwas besser, da
Weiß in symmetrischer Stellung am Zug wäre. Aber der Springer steht schlechter
auf f3 als auf g1! Er versperrt nämlich dem Bauer f2 den Weg nach f4 - der
einzige aktive Plan in dieser Stellung.} 5. g3 (5. d3 d6 6. Be2 Be7 7. O-O f5
8. exf5 Bxf5 9. Ne1 Nf6 10. Nc2 O-O 11. Ne3 Bg6 $11) 5... g6 6. Bg2 Bg7 7. a3
Nge7 8. O-O O-O 9. d3 d6 10. b4 f5 $1 (10... cxb4 {das hat Schwarz nicht nötig}
11. axb4 Nxb4 12. Be3 $44) 11. b5 Nd4 $15 {Maze - Lautier (Val d´Isere, 2004)})
5. Be2 Be7 $2 {Das ist jetzt nicht folgerichtig. Man kann 5....Le7 zwar
spielen und in einen normalen Igel abwickeln, aber Schwarz steht eine besser
Möglichkeit zur Verfügung:} (5... d5 $1 6. exd5 (6. e5 $6 Nd7 (6... Ne4 7. O-O
Be7 (7... Nxc3 8. dxc3 $14) 8. Qb3 O-O 9. cxd5 exd5 10. Nxd5 $14) 7. cxd5 exd5
8. Bb5 (8. Nxd5 Ndxe5 9. Nxe5 Nxe5 10. Bb5+ Bd7 11. Qe2 f6 12. d4 $5 (12. f4
Kf7 13. fxe5 Bxb5 14. Qxb5 Qxd5 15. O-O $13) 12... cxd4 13. f4 Rc8 14. fxe5
Qa5+ 15. Nc3 dxc3 16. Bxd7+ (16. exf6+ Kd8 $19) 16... Kxd7 17. O-O Qxe5 18.
Qd3+ Kc6 19. bxc3 Bc5+ 20. Kh1 $44) 8... a6 9. Bxc6 bxc6 10. O-O Be7 11. d4 O-O
$15) 6... exd5 7. d4 Be7 (7... cxd4 8. Nxd4 dxc4 (8... Nxd4 9. Qxd4 Bb4 (9...
dxc4 10. Qxd8+ Kxd8 11. Bxc4 Be6 12. Bxe6 fxe6 13. Bf4 $14) 10. cxd5 Bxc3+ 11.
bxc3 Qxd5 12. Qxd5 Nxd5 13. c4 Nb4 14. O-O $14) 9. Nxc6 (9. Be3 Nxd4 10. Bxd4
Be6 $11) 9... Qxd1+ 10. Nxd1 bxc6 11. Bxc4 Bb4+ 12. Bd2 Bxd2+ 13. Kxd2 Be6 14.
Bxe6 fxe6 15. Rc1 $14) 8. Be3 (8. O-O O-O 9. dxc5 (9. cxd5 Nxd5 10. Nxd5 Qxd5
11. dxc5 Qxd1 12. Rxd1 Bxc5 $11) 9... dxc4 10. Be3 Be6 $11) 8... cxd4 9. Nxd4
O-O (9... Nxd4 10. Qxd4 dxc4 11. Qxd8+ Bxd8 12. Bxc4 Be6 13. Bxe6 fxe6 14.
O-O-O $14) 10. O-O Nxd4 11. Qxd4 dxc4 12. Bxc4 Qxd4 13. Bxd4 Rd8 14. Rad1 Bg4
15. f3 Rxd4 16. Rxd4 Bc5 17. Rfd1 Rd8 18. Nb5 Bxd4+ 19. Rxd4 Rxd4 20. Nxd4 Bd7
$11) 6. O-O $6 {Man musste die Gelegenheit ergreifen, um Schwarz die
Möglichkeit des Vorstoßes d5 zu verweigern.} (6. d4 $1 cxd4 7. Nxd4 $14) 6...
O-O $2 (6... d5 $1 $11 {wieder geht Schwarz am Ausgleich vorbei}) 7. d4 cxd4 8.
Nxd4 d6 9. Be3 Bd7 {Auf dem Brett ist eine etwas bessere Igelstellung für Weiß
entstanden. Es stehen verschiedene Pläne zur Verfügung:} 10. Qd2 $6 {Dieser
Zug ist ungenau. Besser ist:} (10. Nb3 a6 11. f4 Rb8 12. a3 b6 13. Rc1 Bc8 14.
Bf3 Bb7 15. Qe2 Nd7 16. Rfd1 $14 {Short - Hernandez (Merida, 2001)}) (10. Rc1
Nxd4 11. Qxd4 Bc6 12. Rfd1 b6 13. f3 Rc8 14. Qd2 Nd7 15. Nb5 Bxb5 16. cxb5 Nf6
17. Rc6 $14 {Ivanchuk - Ipek (Kocaeli, 2002)}) 10... a6 $6 {Schwarz nutzt die
Ungenauigkeit von Weiß nicht aus. Grundsätzlich gilt: Wenn man raummäßig im
Nachteil ist, sollte man Figuren tauschen. Hier bietet sich der Tausch auf d4
an, zumal Weiß dann im Vergleich zur Partie Ivanchuks ein Tempo verlieren
würde (Qd2-Qd4)} (10... Nxd4 $1 11. Qxd4 (11. Bxd4 Bc6 12. f3 Qa5 13. Rfd1 Rfd8
14. Nd5 Qxd2 15. Nxe7+ Kf8 16. Rxd2 Kxe7 $13 {Weiß hat eher einen symbolischen
Vorteil, der be genauer Verteidigung sehr schwer zu realisieren sein wird.})
11... Bc6 12. Rfd1 b6 13. f3 Rc8 $132) 11. Rac1 (11. f3 Qb8 12. Rfd1 $2 b5 $1
13. cxb5 Nxd4 14. Bxd4 axb5 15. b4 Rc8 $132 {Mihalcisin - Baramidze (Portoroz,
2005)}) 11... Rc8 $6 {Ziemlich planlos gespielt. Man sollte versuchen zum
Vorstoß b5 zu kommen.} (11... Qb8 $5 12. f4 b5 (12... Nxd4 $5 13. Bxd4 Bc6 14.
Qe3 Nd7 15. Bd3 $14) 13. cxb5 (13. Bf3 $5 Nxd4 14. Bxd4 e5 15. Be3 bxc4 16. Nd5
Nxd5 17. exd5 Bf6 $11) 13... Nxd4 14. Bxd4 axb5 15. e5 dxe5 16. fxe5 Nd5 17.
Nxd5 exd5 $132) 12. b3 Nxd4 13. Bxd4 Bc6 14. f3 Qa5 (14... d5 15. cxd5 exd5 16.
e5 Nd7 17. f4 $14) (14... Qd7 15. b4 $1 b5 16. Rfd1 bxc4 17. Bxc4 Qb7 18. a3
$14) 15. Rfd1 Qh5 (15... b5 $2 16. Nd5 Qd8 (16... Qxd2 17. Nxe7+ Kh8 18. Rxd2
$18) 17. Bb6 Qe8 18. Nxe7+ Qxe7 19. Qxd6 $18) (15... Rfd8 16. Nd5 Qxd2 17.
Nxe7+ Kf8 18. Rxd2 Kxe7 19. Rcd1 $14 {Hier hat Weiß Zusatzchancen im Vergleich
zur obigen Stellung, da Schwarz das Feld b6 geschwächt hat.}) 16. a4 {Hier ist
die Schwächung des Feldes b4 nicht so wichtig, da Schwarz den Springer c6
schon getauscht hat.} Qg6 (16... a5 17. Nb5 Ra8 (17... Nd7 18. Qxa5 Bg5 19. Ra1
Bf4 20. g3 Be5 21. Qc3 Bxb5 22. axb5 $16) 18. Bc3 $16) 17. b4 $14 {Weiß hat
Raumvorteil und einen klaren Plan des Angriffs auf dem Damenflügel mittels
a5-b5 usw. Schwarz dagegen hat noch nichts geschafft.} Be8 18. a5 Nh5 19. Be3
d5 20. cxd5 Bxb4 21. e5 Ba4 22. Rf1 f5 23. d6 f4 24. Bd4 Bc6 25. Bd3 Qg5 26.
Qb2 Bxc3 27. Rxc3 g6 28. Qd2 Ng7 29. Be4 Bb5 30. Rxc8 Rxc8 31. Rc1 Rb8 32. Ba7
Rf8 33. Bb6 Bd7 34. Rc7 Rf7 35. Qc3 Ne8 36. Rxd7 Rxd7 37. Qc8 1-0

[Event "Hastings 00 75th"]
[Site "Hastings"]
[Date "2000.01.10"]
[Round "7"]
[White "Sutovsky, Emil"]
[Black "McShane, Luke J"]
[Result "1/2-1/2"]
[WhiteElo "2597"]
[BlackElo "2438"]
[Annotator "McShane,L"]
[PlyCount "141"]
[EventDate "2000.01.04"]
[EventType "tourn"]
[EventRounds "9"]
[EventCountry "ENG"]
[EventCategory "13"]
[SourceTitle "CBM 075"]
[Source "ChessBase"]
[SourceDate "2000.04.05"]
[SourceVersion "1"]
[SourceVersionDate "2000.04.05"]
[SourceQuality "1"]

1. e4 c5 2. Nf3 Nc6 3. Nc3 d6 4. d4 cxd4 5. Nxd4 e5 6. Nf5 $5 {6.Nde2 is also
interesting.} Bxf5 7. exf5 Qd7 8. Bd3 (8. Bc4 Qxf5 9. O-O {intending f4.}) 8...
Nge7 9. O-O (9. f4 Nxf5 10. O-O Nfd4 11. Bc4 f6 $13 12. Nd5 O-O-O 13. c3 Nf5)
9... d5 $5 (9... Nxf5 10. f4 Nfd4 11. Bc4) 10. Qh5 g6 (10... Rd8 11. Rd1 $1)
11. fxg6 fxg6 12. Qh4 O-O-O 13. Bg5 {I must defend my central pawns.} Qe6 $5 {
My plan was to play Rd7 and Nf5, then get the bishop and other rook out, with
a much better game due to the big centre. It was very tempting to just stick
the bishop on g7 to develop, but it does more harm than good there because the
knight on e7 loses support. Besides, it does a lot more on c5, given the
chance. If White does nothing Black will be clearly better.} 14. Na4 $5 {
Maybe even necessary.} e4 15. Nc5 Qf7 (15... Qd6 16. Qg4+ Nf5 (16... Kb8 17.
Bf4) 17. Nxb7 Kxb7 18. Bxd8) 16. Qh3+ Nf5 (16... Qf5 17. Be2 Qxh3 18. gxh3 {
Keeps my centre under pressure.}) 17. Nxb7 Qxb7 (17... Kxb7 18. Bxd8 exd3 19.
Bg5 dxc2 20. Qb3+ Nb4 21. Be3 {to prevent Nd4} Qg8 {to defend the queen so
that I can meet 22. a3 with 22...d4} 22. Qa4) 18. Bxd8 Kxd8 19. Be2 {A
fascinating position. White has rook and pawn for two knights. My centre could
soon crumble. The opposite coloured bishops are an exciting twist - White's
bishop is dominated by the centre but could still be very useful while mine
might yet be useful for attacking the white king.} Qxb2 $5 {Drastic measures
were called for. This allows a rook to penetrate to b7.} (19... Bd6 $142 {
with Nce7 to follow.}) 20. Rab1 Qe5 (20... Qa3 21. Rb3) 21. Rb7 Bc5 (21... Bd6
{to attack h2 may well be more troublesome.}) 22. Kh1 $5 (22. Rd1 $5) 22... Na5
$2 (22... Ncd4 $1 23. Bg4 (23. Qc3 Bd6 $1) 23... h5 24. Rfb1 Bb6) 23. Rb5 Bb6
24. c4 Ne7 25. cxd5 $2 (25. Rd1 $142 Qf6 26. Rbxd5+ $5 (26. cxd5 Nb7 $13) 26...
Nxd5 27. Rxd5+ Ke7 (27... Kc7 28. c5 $16) 28. Qd7+ Kf8 29. c5 Qxf2 30. Qd6+ Kf7
(30... Kg7 31. Qe5+ Kg8 (31... Qf6 32. Rd7+ $18) (31... Kh6 32. Qg5+ Kg7 33.
Rd7+ $18) 32. Qb8+ $11) 31. Qd7+ Kg8 32. Qe8+ Kg7 (32... Qf8 33. Qxe4 Bxc5 (
33... Bc7 34. Rd7 $18) 34. Qe6+ Qf7 (34... Kg7 35. Qe5+ $18) 35. Qc8+ Kg7 36.
Qxc5 $16) 33. Qe5+ $11) 25... Nf5 26. Qa3 $1 Nd4 $8 (26... Nb7 $2 27. Rxb6 $1
axb6 28. Qa8+ Kc7 29. Rc1+ Nc5 30. Qa7+ Kc8 31. Qxb6 $18) 27. Qb2 $2 (27. Rxa5
$1 Nxe2 28. Rxa7 $3 Bxa7 29. Qxa7 Qd4 (29... Nc3 30. d6 $1 Ke8 (30... Qxd6 31.
Qa8+) (30... Nb5 31. Qa5+ Kd7 32. a4 $18) 31. Rc1 Rf8 (31... Kf8 32. Qb8+ Kg7
33. Qc7+ $18) 32. Rxc3 $18) 30. Qa6 $1 Nc3 31. Rc1 Rf8 32. Qd6+ Ke8 33. Qc6+
Kd8 34. d6 $1 $18) 27... Re8 28. Rb4 Nxe2 29. Qxe2 Nb7 30. a4 Nd6 $15 31. Qd2
Ke7 {Probably a waste of time as my king is not in great danger in the centre.}
(31... Rf8 $142 {with the threat e3.}) 32. Rb3 Kf7 33. a5 Bd4 ({I also
considered} 33... Bc7 $5 {attacking h2.}) 34. Rd1 e3 (34... Nf5 35. Rb7+ Kg8)
35. fxe3 (35. Qxd4 $4 Qxd4 36. Rxd4 e2 $19) 35... Bxe3 36. Qc3 Bd4 37. Rf1+ Kg7
38. Qc7+ Re7 39. Qb8 Qf6 40. Rbf3 Nf5 41. g4 Qd6 $8 42. Qxd6 (42. Qc8 Re2 $1
43. Qb7+ Ne7 44. Rf7+ Kh6 $17) 42... Nxd6 {My advantage has now evaporated.}
43. Rf8 Re2 $2 44. g5 $1 {Rf8-d8-d7 is dangeous.} Re7 45. a6 Nf5 46. Rb8 Kf7
47. Rb7 Ke8 48. Rd1 $1 Bc5 (48... Bb6 49. d6 Rd7 50. Re1+ Be3 (50... Kd8 51.
Rb8#) 51. Kg2 Rxd6 52. Rxa7 (52. Kf3 Rxa6 53. Rxe3+ Nxe3 54. Kxe3 Re6+ 55. Kd4
Re7 $19) 52... Kd8 53. Ra8+ (53. Rf7 Rxa6 54. Rxf5 gxf5 55. Rxe3 Rg6 56. h4 h6
$1 $11) 53... Kc7) 49. Rc1 Bd4 50. Rc8+ Kf7 {I should be able to swap rooks
with Nd6 and a drawn ending.} 51. Rc6 Ke8 52. d6 Rd7 53. Rc8+ Rd8 54. Rxd8+
Kxd8 55. Kg2 (55. Rxh7 Bg7 56. h4 $2 (56. Rh3) 56... Ng3+ 57. Kg2 Nh5 {This
may still be drawn, but Black has all the fun.}) 55... Nxd6 56. Rxh7 Nf5 57.
Rb7 Nd6 58. Rh7 Nf5 59. Rb7 Nd6 60. Rb4 Be5 61. Rb8+ Ke7 62. Ra8 Bd4 63. Kf3
Ne8 $1 {White can no longer afford to give up his a-pawn.} 64. h4 Nc7 65. Rg8
Kf7 66. Rd8 Bb6 67. Rd7+ Kf8 68. Rd6 Kf7 69. Rd7+ Kf8 (69... Ke6 70. Rg7 Kf5
71. Rf7+ Ke5 72. Rf6 $16) 70. Rd6 (70. Ke4 Nxa6 71. Kd5 Nc5 72. Rh7) 70... Kf7
71. Rd7+ 1/2-1/2

[Event "Olympiad-38"]
[Site "Dresden"]
[Date "2008.11.13"]
[Round "1"]
[White "Meier, Georg"]
[Black "Cheparinov, Ivan"]
[Result "1-0"]
[WhiteElo "2558"]
[BlackElo "2696"]
[Annotator "Meier,Georg"]
[PlyCount "57"]
[EventDate "2008.11.13"]
[EventType "team-swiss"]
[EventRounds "11"]
[EventCountry "GER"]
[SourceTitle "CBM 128"]
[Source "ChessBase"]
[SourceDate "2009.01.28"]
[SourceVersion "1"]
[SourceVersionDate "2009.01.28"]
[SourceQuality "1"]
[WhiteTeam "Germany II"]
[BlackTeam "Bulgaria"]
[WhiteTeamCountry "GER"]
[BlackTeamCountry "BUL"]

{Als die Auslosung uns am Morgen Bulgarien (in Gedanken = Topalov) als ersten
Gegner bescherte, war meine Freude groß. Allerdings wusste ich auch, dass ich
innerhalb von ein paar Stunden nicht das Geringste gg. sein Repertoire
ausrichten könnte und verzichtete deshalb auf eine konkrete Vorbereitung. Dann
zu erfahren, dass ich gg. Cheparinov spielen würde, war eine gewisse
Erleichterung, weil gg. ihn ein Sieg nicht 'ausgeschlossen' ist.} 1. e4 c5 2.
Nf3 e6 {Ich hatte nur Partien von Cheparinov mit 2...d6 oder 2...Nc6 gesehen.}
3. d4 cxd4 4. Nxd4 Nc6 5. Nc3 d6 {Eine deutliche Kampfansage. Da ich mit Weiß
nie in Scheveninger- Strukturen gerate, setzte mich die Wahl dieser Variante
unter Druck. Allerdings war ich vor ein paar Jahren bereits mit dieser
Zugfolge konfrontiert worden und kannte mich etwas aus.} 6. g4 {Das vermeidet
praktisch die Entwicklung des Springers nach f6 und führt zu eigenartigen
Stellungen.} a6 7. Be3 Nge7 8. Nb3 {Verfolgt die mit g4 eingeleitete
strategische Idee: Der Springer e7 verstopft nun den Königsflügel.} b5 9. f4
Ng6 $5 {Nach langem Nachdenken fand Ivan fernab jeder Schablone diese - für
mich - verblüffende Idee. Schwarz macht sich zunutze, dass die Bauern g4 und
f4 noch einen Moment lang anfällig sind.} ({Üblich ist} 9... Bb7 10. Qd2 (10.
Qf3 g5 $5) 10... Na5) 10. Qf3 Qh4+ {Die einzige Rechtfertigung der
Springerstellung auf g6.} (10... Be7 $2 11. O-O-O O-O 12. h4 {nebst Matt.}) 11.
Bf2 Qf6 12. Bg3 $2 {Die Zugwiederholung kam für mich nicht in Frage und obwohl
ich spürte, dass Schwarz nach dem Damentausch (13.Dg3) nicht ausgleichen kann,
leitete mich die fixe Idee, dass die merkwürdige schwarze Aufstellung mit Qf6
und Ng6 nicht gut sein kann. Dementsprechend entschied ich mich für das
folgende Bauernopfer, denn der Damentausch erschien mir im Sinne einer
´Bestrafung´ zu kleinlich und Unsizilianisch... Außerdem konnte ich mich an
keine Partie Cheparinovs erinnern, in der er sich überzeugend verteidigt hätte
und folgerte, dass ihm die entstehende Stellung zumindest nicht liegen würde.
Damit sollte ich schließlich recht behalten!} ({Korrekt ist allein} 12. Be3
Qh4+ 13. Qg3 $1 $14 {was auch im Sinne von 6.g4 und 8.Nb3 wäre, denn der
Springer g6 bleibt kaltgestellt.} (13. Bf2 $11)) 12... Nce5 13. Qe3 Nxg4 14.
Qe2 h5 15. e5 {Diese Stellung hatte ich angestrebt, ohne weitere Berechnung
und im festen Glauben, durch die Stellungsöffnung einen nachhaltigen Angriff
einleiten zu können.} dxe5 {Ich versank nun in tiefes Nachdenken und musste
einsehen, dass die weißen Figuren zu ineffektiv postiert sind und ich den
schwarzen Springern durch meine Aktion erst Leben eingehaucht hatte.} 16. Bg2 {
Nachdem ich mich davon überzeugt hatte, dass die konkreten Varianten zu
womöglich entscheidendem schwarzen Vorteil führen würden, verstand ich, dass
die beste praktische Chance darin besteht, die Geschehnisse nicht zu
forcieren! Ich setzte die Entwicklung fort und wartete auf meine Chance.} ({
Der direkte Angriff mit} 16. O-O-O Nxf4 $1 ({Nach} 16... exf4 $2 17. Qe4 Ra7
18. Qc6+ Bd7 19. Qb6 {entfaltet sich die weiße Initiative.}) 17. Qe4 {wird
durch die Rückgabe von Material sofort erstickt:} Nd5 18. Nxd5 exd5 19. Qxd5
Rb8) 16... Ra7 17. fxe5 Qg5 18. O-O {Was nun geschieht ist erstaunlich: Die
Anfälligkeit des Ra7 hält fortwährend die weiße Initiative am Köcheln. Statt
die Turmstellung zu verbessern und damit die Konsolidierung zu beginnen,
wählte Ivan stets die schärfste Lösung und nahm mir damit im Endeffekt die
ganze Arbeit ab! Solch überscharfes Spiel wurde Cheparinov schon häufig zum
Verhängis.} h4 (18... Qe3+ $2 19. Qxe3 Nxe3 20. Bf2) ({Nach} 18... Rc7) ({oder
} 18... Rd7 {fällt es schwer den Kampf am Leben zu erhalten.}) 19. Ne4 Qh5 20.
Bf2 {Der erste Stich gegen a7.} Nf4 (20... Rd7 {wäre wiederum richtig.}) 21.
Qf3 Nxf2 22. Qxf2 {Der 2. Stich...} Qg6 (22... Ne2+ $142 23. Kh1 Rc7 (23...
Ng3+ 24. Kg1 Ne2+ $11)) 23. Qxf4 h3 24. Rf2 {Mit den von Schwarz eingeleiteten
Abtauschaktionen hat sich das Bild grundlegend geändert: Die agilen schwarzen
Springer sind verschwunden während der weiße Entwicklungsvorsprung bedrohlich
angeschwollen ist und nun wenigstens volle Kompensation verspricht.} Bb7 $2 {
Überlässt Weiß auch noch die d-Linie} ({Notwendig war} 24... Rd7 25. Nd6+ Bxd6
26. exd6 Rh5 $13) 25. Rd1 {Seinen nächsten Zug führte Ivan schnell und voller
Zuversicht aus. Ich hatte geradezu den Eindruck, als hätte er die Sache schon
abgehakt, nach dem Motto: 'Ich werde jetzt rochieren und du kannst aufgeben'.}
Be7 {Eine Verteidigung gibt es schon nicht mehr.} ({Nach} 25... Ra8 {bieten
sich 2 elegante Wege zum Sieg an:} 26. Na5 (26. Qf3 Bd5 27. Rxd5 exd5 28. Nf6+
gxf6 29. Qxd5 Rc8 30. e6 $18) 26... Bd5 27. c4 bxc4 28. Nxc4 $18 Bxc4 $140 29.
Nf6+ gxf6 30. Qxc4) (25... Bd5 {Scheitert natürlich an} 26. Rxd5 exd5 27. e6)
26. Nf6+ {Der entscheidende Stich...gegen a7! Das Eindringen der weißen
Figuren beendet die Partie im Handumdrehen.} Kf8 (26... gxf6 27. exf6 Ra8 28.
Qc7 $18) 27. Rd7 Bxg2 28. Rxa7 Rh6 29. Rxe7 {Für mich war diese Partie der
Auftakt zu einem überaus erfolgreichen Turnier. Am nächsten Tag folgte quasi
als Belohnung eine Partie gg. Carlsen (zu diesem Zeitpunkt erst mein 2.ter
Gegner aus der 2700er- Riege), die mir erlaubte, weiteres Selbsvertrauen zu
tanken.} 1-0